Central Library OPAC University of Rajshahi

Handbook of sampling for auditing and accounting / (Record no. 35196)

MARC details
000 -LEADER
fixed length control field 00880nam a22002891 4500
001 - CONTROL NUMBER
control field 35196
003 - CONTROL NUMBER IDENTIFIER
rucl marc code BD-RjUL
005 - DATE AND TIME OF LATEST TRANSACTION
control field 20211209052258.0
008 - FIXED-LENGTH DATA ELEMENTS--GENERAL INFORMATION
fixed length control field 140521s1963 nyua 001 0 eng
035 ## - SYSTEM CONTROL NUMBER
System control number (BD-RjUL)35290
System control number (OCoLC)335284
040 ## - CATALOGING SOURCE
Original cataloging agency DLC
Transcribing agency ODaWU
Modifying agency OCoLC
-- Uk
-- DLC
-- BD-RjUL
Language of cataloging eng
041 ## - LANGUAGE CODE
Language code of text/sound track or separate title eng
082 ## - DEWEY DECIMAL CLASSIFICATION NUMBER
Classification number 519.5
Author mark and year ARH V-1 1963
100 1# - MAIN ENTRY--PERSONAL NAME
Personal name Arkin, Herbert,
Dates associated with a name 1906-
9 (RLIN) 106930
245 10 - TITLE STATEMENT
Title Handbook of sampling for auditing and accounting /
Statement of responsibility, etc. Herbert Arkin
Number of part/section of a work Volume I :
Name of part/section of a work Methods
260 ## - PUBLICATION, DISTRIBUTION, ETC. (IMPRINT)
Place of publication, distribution, etc. New York :
Name of publisher, distributor, etc. McGraw-Hill,
Date of publication, distribution, etc. 1963.
300 ## - PHYSICAL DESCRIPTION
Pagination xiii,613 p. :
Illustrations ill. ;
Size 22 cm.
504 ## - BIBLIOGRAPHY, ETC. NOTE
Bibliography, etc Includes index.
650 #0 - SUBJECT ADDED ENTRY--TOPICAL TERM
Topical term or geographic name as entry element Sampling (Statistics)
9 (RLIN) 107218
Topical term or geographic name as entry element Accounting.
9 (RLIN) 107219
Topical term or geographic name as entry element Auditing.
9 (RLIN) 107220
942 ## - ADDED ENTRY ELEMENTS (KOHA)
Source of classification or shelving scheme Dewey Decimal Classification
Koha item type Books
Holdings
Lost status Source of classification or shelving scheme Damaged status Not for loan Collection code Permanent Location Current Location Shelving location Date acquired Source of acquisition Cost, normal purchase price Total Checkouts Full call number Date last seen Copy number Koha item type
  Dewey Decimal Classification   Not For Loan Non-fiction Central Library, University of Rajshahi Central Library, University of Rajshahi Reading Room 08/04/1967 Book view 77.70   519.5 ARH V-1 1963 21/05/2014 C-1 Books
  Dewey Decimal Classification     Non-fiction Central Library, University of Rajshahi Central Library, University of Rajshahi Reading Room 08/04/1967 Book view 77.70   519.5 ARH V-1 1963 21/05/2014 C-2 Books
  Dewey Decimal Classification     Non-fiction Central Library, University of Rajshahi Central Library, University of Rajshahi Reading Room 08/04/1967 Book view 77.70   519.5 ARH V-1 1963 21/05/2014 C-5 Books
  Dewey Decimal Classification     Non-fiction Central Library, University of Rajshahi Central Library, University of Rajshahi   26/10/1965 Zeitlinger 103.00   519.5 ARH V-1 1963 21/05/2014 C-3 Books
  Dewey Decimal Classification     Non-fiction Central Library, University of Rajshahi Central Library, University of Rajshahi   18/11/1965 National book agency 64.15   519.5 ARH V-1 1963 12/06/2014 C-4 Books